[Event "SF Beelen 1 - SC Falke Saerbeck 1"]
[Site "Verbandsliga 2015/2016"]
[Date "2015.11.21"]
[Round "3.4"]
[White "Hanewinkel, Martin"]
[Black "Waltermann, Jens"]
[Result "0-1"]
[WhiteElo "1842"]
[BlackElo "1837"]
[PlyCount "94"]
[EventDate "2015.??.??"]
[SourceDate "2015.12.04"]

1. d4 Nf6 2. Nf3 g6 3. Bf4 d5 4. c3 Bg7 5. Nbd2 O-O 6. e3 Nbd7 7. h3 c6 8. Bd3
Re8 9. Ne5 Nf8 10. g4 N6d7 11. Bg3 f6 12. Nxd7 Bxd7 13. f4 e5 14. fxe5 fxe5 15.
O-O e4 16. Bc2 Ne6 17. Qe2 Qe7 18. c4 Ng5 19. Kh2 Be6 20. c5 Qd7 21. Qg2 Nf7
22. Rf2 Nh6 23. Bd1 Rf8 24. Bd6 Rxf2 25. Qxf2 Nf7 26. Bg3 Rf8 27. Qg2 Bh6 28.
Nf1 Ng5 29. Be2 Nf3+ 30. Kh1 Rf7 31. b4 Bg5 32. a4 Qd8 33. b5 Qa5 34. bxc6 bxc6
35. Bxf3 Rxf3 36. Qb2 Qd8 37. Rb1 Qf8 38. Qe2 Bc8 39. Kg2 h5 40. Rb8 hxg4 41.
hxg4 Qd8 42. a5 Qd7 43. Nh2 Rxg3+ 44. Kf2 Bh4 45. Qa6 Rf3+ 46. Kg2 Rf8 47. Qe2
Qc7 0-1

[Event "SF Beelen 1 - SC Falke Saerbeck 1"]
[Site "Verbandsliga 2015/2016"]
[Date "2015.11.21"]
[Round "3.5"]
[White "Lutterbey, Ralf"]
[Black "Wältermann, Thomas"]
[Result "1-0"]
[WhiteElo "1882"]
[BlackElo "1777"]
[PlyCount "57"]
[EventDate "2015.??.??"]
[SourceDate "2015.12.04"]

1. e4 c5 2. Nf3 d6 3. d4 cxd4 4. Nxd4 a6 5. c4 g6 6. Nc3 Bg7 7. Be3 Nf6 8. Be2
O-O 9. O-O Nc6 10. Qd2 Nd7 11. Rad1 Nxd4 12. Bxd4 Bxd4 13. Qxd4 Qb6 14. Nd5 Qd8
15. f4 b6 16. Bf3 Bb7 17. e5 dxe5 18. fxe5 Nc5 19. b4 Bxd5 20. Qxd5 Ne6 21.
Qxa8 Qxa8 22. Bxa8 Rxa8 23. Rd7 Kf8 24. Rb7 Rc8 25. Rc1 Rc6 26. Ra7 b5 27. c5
Nc7 28. Rd1 e6 29. Rd6 1-0

[Event "SF Beelen 1 - SC Falke Saerbeck 1"]
[Site "Verbandsliga 2015/2016"]
[Date "2015.11.21"]
[Round "3.6"]
[White "Henke, Wolfgang"]
[Black "Bartsch, Rainer"]
[Result "1/2-1/2"]
[WhiteElo "1709"]
[BlackElo "1787"]
[PlyCount "38"]
[EventDate "2015.??.??"]
[SourceDate "2015.12.04"]

1. e4 d6 2. d4 g6 3. Nc3 Bg7 4. Be2 c6 5. Nf3 Bg4 6. O-O Nd7 7. Be3 Ngf6 8. e5
Ng8 9. exd6 exd6 10. Re1 Ne7 11. Bf4 Nf6 12. h3 Bxf3 13. Bxf3 O-O 14. Qd2 Re8
15. Bg5 d5 16. Re2 Nf5 17. Rxe8+ Qxe8 18. Re1 Qf8 19. Qf4 Qd6 1/2-1/2

[Event "SF Beelen 1 - SC Falke Saerbeck 1"]
[Site "Verbandsliga 2015/2016"]
[Date "2015.11.21"]
[Round "3.7"]
[White "Löckener, Thomas"]
[Black "Fartmann, Franz-Josef"]
[Result "0-1"]
[WhiteElo "1673"]
[BlackElo "1701"]
[PlyCount "56"]
[EventDate "2015.??.??"]
[SourceDate "2015.12.04"]

1. e4 c5 2. Nc3 d6 3. Bc4 Nc6 4. d3 g6 5. f4 e6 6. Nf3 Bg7 7. O-O Nge7 8. Qe1
O-O 9. a4 Nb4 10. Qf2 Nec6 11. Be3 b6 12. g4 d5 13. Bb5 d4 14. Bd2 dxc3 15.
bxc3 a6 16. cxb4 axb5 17. axb5 Rxa1 18. Rxa1 Bxa1 19. bxc6 Bd4 20. Nxd4 Qxd4
21. Be3 Qxb4 22. d4 Rd8 23. dxc5 Qxe4 24. h4 bxc5 25. c7 Rd1+ 26. Kh2 Qh1+ 27.
Kg3 Qe1 28. Bxc5 Qxf2+ 0-1

[Event "SF Beelen 1 - SC Falke Saerbeck 1"]
[Site "Verbandsliga 2015/2016"]
[Date "2015.11.21"]
[Round "3.8"]
[White "Bleier, Thomas"]
[Black "Henschen, Daniel"]
[Result "1/2-1/2"]
[WhiteElo "1651"]
[BlackElo "1633"]
[PlyCount "64"]
[EventDate "2015.??.??"]
[SourceDate "2015.12.04"]

1. e4 c6 2. d4 d5 3. Nd2 g6 4. c3 Bg7 5. Bd3 dxe4 6. Nxe4 Nf6 7. Nxf6+ Bxf6 8.
Bh6 e5 9. Qe2 Qe7 10. dxe5 Qxe5 11. Qxe5+ Bxe5 12. Nf3 Bf6 13. O-O Be6 14. Rfe1
Nd7 15. Bc4 Nc5 16. Nd4 Bxd4 17. cxd4 O-O-O 18. b3 Bxc4 19. dxc5 Be6 20. Bg7
Rhg8 21. Bf6 Rd5 22. b4 b6 23. Be7 Kd7 24. Bd6 a5 25. a3 a4 26. h3 h5 27. Rad1
Rxd1 28. Rxd1 Bd5 29. Re1 Be6 30. f3 Re8 31. Kf2 Bc4 32. Rxe8 Kxe8 1/2-1/2

[Event "SK Bocholt 1 - SC Rochade Emsdetten 2"]
[Site "Verbandsliga 2015/2016"]
[Date "2015.11.21"]
[Round "3.1"]
[White "Böhlich, Daniel"]
[Black "Fuest, Martin"]
[Result "1/2-1/2"]
[WhiteElo "1895"]
[BlackElo "2157"]
[PlyCount "132"]
[EventDate "2015.??.??"]
[SourceDate "2015.12.04"]

1. d4 d5 2. c4 c6 3. Nc3 Nf6 4. e3 e6 5. Nf3 Nbd7 6. Bd3 a6 7. b3 Bb4 8. Bd2
O-O 9. O-O c5 10. Re1 b6 11. a3 Bxc3 12. Bxc3 Bb7 13. Qc2 Rc8 14. Ne5 h6 15.
Rad1 Qc7 16. Nxd7 Nxd7 17. Qe2 a5 18. a4 f5 19. f4 Nf6 20. Qb2 Rf7 21. Rc1 Ba6
22. dxc5 bxc5 23. Qe2 dxc4 24. Bxc4 Bxc4 25. Qxc4 Nd5 26. Be5 Qb6 27. e4 fxe4
28. Rxe4 g6 29. h4 h5 30. Kh2 Rb7 31. Rb1 Qc6 32. Qd3 Kf7 33. Rc4 Rb4 34. Bc3
Nxc3 35. Qxc3 Rxc4 36. Qxc4 Qd5 37. Rc1 Qxc4 38. Rxc4 Ke7 39. Kg3 Kd6 40. Kf3
Rb8 41. Rc3 Rb4 42. Rd3+ Rd4 43. Rc3 Kd5 44. Re3 Rb4 45. Rd3+ Rd4 46. Re3 Kd6
47. Rc3 Rd1 48. Ke2 Rh1 49. g3 Rb1 50. Rd3+ Kc6 51. Rc3 Rg1 52. Kf2 Rd1 53. Ke3
Rd5 54. Ke4 Kd6 55. Ke3 e5 56. fxe5+ Kxe5 57. Rc4 Kd6 58. Rf4 Ke6 59. Re4+ Kd6
60. Rf4 Ke7 61. Re4+ Kf6 62. Rf4+ Rf5 63. Ke4 Rxf4+ 64. Kxf4 g5+ 65. Ke4 gxh4
66. gxh4 Ke6 1/2-1/2

[Event "SK Bocholt 1 - SC Rochade Emsdetten 2"]
[Site "Verbandsliga 2015/2016"]
[Date "2015.11.21"]
[Round "3.2"]
[White "Liesmann, Karsten"]
[Black "Hedwig, Johannes"]
[Result "1-0"]
[WhiteElo "1987"]
[BlackElo "1809"]
[PlyCount "55"]
[EventDate "2015.??.??"]
[SourceDate "2015.12.04"]

1. d4 d5 2. Nf3 Nf6 3. e3 e6 4. Bd3 Nbd7 5. O-O c5 6. b3 Be7 7. Nbd2 O-O 8. Bb2
b6 9. Ne5 Qc7 10. f4 Bd6 11. Rf3 Rd8 12. Rh3 Nf8 13. Rc1 Bb7 14. Qe2 Qe7 15.
Nf1 Rac8 16. Ng3 Rc7 17. Nh5 Bxe5 18. dxe5 Nxh5 19. Bxh7+ Nxh7 20. Qxh5 Kf8 21.
Qxh7 Ke8 22. Qxg7 Kd7 23. Rh8 Rxh8 24. Qxh8 Rc8 25. Qf6 Qf8 26. Rf1 d4 27. f5
Bd5 28. e4 1-0

[Event "SK Bocholt 1 - SC Rochade Emsdetten 2"]
[Site "Verbandsliga 2015/2016"]
[Date "2015.11.21"]
[Round "3.3"]
[White "Hemmers, Dieter"]
[Black "Naumann, Felix"]
[Result "1/2-1/2"]
[WhiteElo "1799"]
[BlackElo "1805"]
[PlyCount "34"]
[EventDate "2015.??.??"]
[SourceDate "2015.12.04"]

1. e4 c5 2. a3 d6 3. b4 Nf6 4. Nc3 e5 5. Nf3 cxb4 6. axb4 Qb6 7. b5 Bg4 8. h3
Bh5 9. Bc4 Nbd7 10. d3 Bxf3 11. Qxf3 Qd4 12. Bb2 d5 13. Na4 dxe4 14. Qg3 Bb4+
15. Kf1 Qd6 16. Qxg7 O-O-O 17. Qxf7 Rhf8 1/2-1/2

[Event "SK Bocholt 1 - SC Rochade Emsdetten 2"]
[Site "Verbandsliga 2015/2016"]
[Date "2015.11.21"]
[Round "3.4"]
[White "Hunhoff, Sebastian"]
[Black "Nöring, Andreas"]
[Result "1/2-1/2"]
[WhiteElo "1894"]
[BlackElo "1833"]
[PlyCount "94"]
[EventDate "2015.??.??"]
[SourceDate "2015.12.04"]

1. c4 e5 2. Nc3 Nf6 3. Nf3 Nc6 4. d4 exd4 5. Nxd4 Ne5 6. Bg5 Bb4 7. f4 Ng6 8.
g3 h6 9. Bxf6 Qxf6 10. Bg2 O-O 11. O-O Bxc3 12. bxc3 Rb8 13. Qd2 Ne7 14. e4 a6
15. e5 Qb6 16. Kh1 d6 17. Rab1 Qc5 18. Nb3 Qb6 19. exd6 Qxd6 20. Qxd6 cxd6 21.
Rfd1 Rd8 22. Na5 b6 23. Nc6 Nxc6 24. Bxc6 Be6 25. Bd5 Kf8 26. Rd2 Rd7 27. Kg2
Bxd5+ 28. Rxd5 Ke7 29. Kf3 Rc7 30. Rd4 Rc5 31. Re1+ Kd7 32. Rde4 Kc6 33. Ke3
Rd8 34. Kd3 d5 35. cxd5+ Rcxd5+ 36. Rd4 Rxd4+ 37. cxd4 Rd7 38. a4 Kd6 39. Rb1
Rb7 40. Kc4 b5+ 41. axb5 axb5+ 42. Kd3 Kd5 43. Rb4 f5 44. Ke3 Kc6 45. Kd3 Ra7
46. Rb2 Ra3+ 47. Ke2 h5 1/2-1/2

[Event "SK Bocholt 1 - SC Rochade Emsdetten 2"]
[Site "Verbandsliga 2015/2016"]
[Date "2015.11.21"]
[Round "3.5"]
[White "Fehlings, Gerd"]
[Black "Steiner, Karl"]
[Result "1/2-1/2"]
[WhiteElo "1735"]
[BlackElo "1919"]
[PlyCount "97"]
[EventDate "2015.??.??"]
[SourceDate "2015.12.04"]

1. d4 f5 2. c3 Nf6 3. Nd2 b6 4. Ngf3 Bb7 5. g3 e6 6. Bg2 Be7 7. O-O O-O 8. Ne5
Bxg2 9. Kxg2 Qe8 10. e3 d6 11. Qf3 c6 12. Nd3 d5 13. Qe2 Nbd7 14. f4 a5 15. Nf3
Qh5 16. Re1 Bd6 17. Ng5 Qxe2+ 18. Rxe2 Rfe8 19. Bd2 h6 20. Nf3 Ne4 21. Be1 g5
22. Nd2 Ndf6 23. Nxe4 Nxe4 24. Nf2 Kh7 25. Nxe4 fxe4 26. Rc1 b5 27. Rcc2 gxf4
28. gxf4 Rg8+ 29. Kh1 Rg6 30. Rg2 Rag8 31. Rxg6 Rxg6 32. b3 c5 33. Bd2 c4 34.
bxc4 bxc4 35. Rb2 Bc7 36. Rb7 Rg7 37. a4 Bd8 38. Rxg7+ Kxg7 39. Kg2 Kg6 40. Kh3
Kh5 41. Be1 Be7 42. Kg2 Ba3 43. Bd2 Kg4 44. h3+ Kh4 45. Be1+ Kh5 46. Bd2 Bb2
47. Kg3 Ba3 48. Kg2 Kh4 49. Be1+ 1/2-1/2

[Event "SK Bocholt 1 - SC Rochade Emsdetten 2"]
[Site "Verbandsliga 2015/2016"]
[Date "2015.11.21"]
[Round "3.6"]
[White "Robeling, Stephan"]
[Black "Lachmuth, Matthias"]
[Result "1/2-1/2"]
[WhiteElo "1869"]
[BlackElo "1758"]
[PlyCount "79"]
[EventDate "2015.??.??"]
[SourceDate "2015.12.04"]

1. d4 Nf6 2. Nf3 e6 3. c4 b6 4. Nc3 Bb7 5. Bg5 d5 6. cxd5 exd5 7. e3 Be7 8. Ne5
O-O 9. Bd3 Nbd7 10. Qf3 c6 11. Bxf6 Nxf6 12. g4 g6 13. h4 c5 14. h5 Kg7 15.
hxg6 hxg6 16. Qh3 Rh8 17. Qxh8+ Qxh8 18. Rxh8 Rxh8 19. O-O-O cxd4 20. exd4 a6
21. Re1 Bb4 22. f3 Re8 23. a3 Bd6 24. Kd2 b5 25. b4 Bc7 26. Re3 Nh7 27. Ne2 Nf8
28. f4 f6 29. Nf3 Rxe3 30. Kxe3 Nd7 31. Nc1 Nb6 32. Nd2 Bc8 33. Be2 Nc4+ 34.
Nxc4 dxc4 35. Bf3 a5 36. bxa5 Bxa5 37. Na2 Bd7 38. Nb4 Bxb4 39. axb4 Kf7 40.
Kd2 1/2-1/2

[Event "SK Bocholt 1 - SC Rochade Emsdetten 2"]
[Site "Verbandsliga 2015/2016"]
[Date "2015.11.21"]
[Round "3.7"]
[White "Schmidt, Frank"]
[Black "Hunhoff, Andreas"]
[Result "0-1"]
[WhiteElo "1614"]
[BlackElo "1848"]
[PlyCount "58"]
[EventDate "2015.??.??"]
[SourceDate "2015.12.04"]

1. d4 f5 2. c4 Nf6 3. Nc3 e6 4. Nf3 Bb4 5. Bg5 O-O 6. a3 Bxc3+ 7. bxc3 c6 8.
Bxf6 Qxf6 9. e3 d6 10. Qb3 Kh8 11. Rd1 Nd7 12. g3 e5 13. Bg2 Nb6 14. Nd2 Rb8
15. a4 Be6 16. a5 Nd7 17. Qa3 c5 18. d5 Bf7 19. O-O Bh5 20. Rc1 Qh6 21. f4 g5
22. fxg5 Qxg5 23. Nf3 Bxf3 24. Bxf3 f4 25. exf4 exf4 26. Kg2 Ne5 27. Qa2 fxg3
28. hxg3 Rg8 29. Qf2 Nd3 0-1

[Event "SK Bocholt 1 - SC Rochade Emsdetten 2"]
[Site "Verbandsliga 2015/2016"]
[Date "2015.11.21"]
[Round "3.8"]
[White "Wüstnienhaus, Andreas"]
[Black "Ortmeier, Leonhard"]
[Result "1/2-1/2"]
[WhiteElo "1912"]
[BlackElo "1713"]
[PlyCount "92"]
[EventDate "2015.??.??"]
[SourceDate "2015.12.04"]

1. d4 Nf6 2. c4 e5 3. dxe5 Ng4 4. Bf4 Nc6 5. Nf3 Bb4+ 6. Nbd2 Qe7 7. a3 Ngxe5
8. Nxe5 Nxe5 9. Bxe5 Bxd2+ 10. Qxd2 Qxe5 11. g3 d6 12. Bg2 O-O 13. O-O Bd7 14.
Rac1 Bc6 15. Bd5 Rfe8 16. Rfe1 Rad8 17. b4 Bxd5 18. cxd5 Qe7 19. Rc4 Rd7 20.
Rec1 g6 21. e3 Qd8 22. Qc3 Ree7 23. Qf6 a6 24. Kg2 Qf8 25. R1c3 Qg7 26. Qxg7+
Kxg7 27. f4 f5 28. a4 Kf6 29. a5 h6 30. Kf3 Rh7 31. b5 axb5 32. Rb4 Rh8 33.
Rxb5 Ra8 34. Rc4 Re7 35. Rxb7 Rxa5 36. Rcxc7 Rxc7 37. Rxc7 Rxd5 38. h3 h5 39.
g4 hxg4+ 40. hxg4 fxg4+ 41. Kxg4 Rh5 42. e4 Rh1 43. e5+ dxe5 44. Rc6+ Ke7 45.
fxe5 Rh5 46. Kf4 Rh4+ 1/2-1/2